000 02002nam0a22003851 4500
001 RU\NLR\INFOCOMM_21\5000103336
005 20250613095635.0
035 _a(NLR Aleph) 009301257
090 _a9280303
_c9280303
100 _a20101027d1989 |||y0rusy50 ca
101 0 _aeng
_afre
102 _aRU
105 _aa ||||000|y
200 1 _aCatalogue of the exhibition "Ethnography and art of Oceania" of N. Michoutouchkine-A. Pilioko foundation
_dCatalogue de l'Exposition "Ethnographie et art de l'Océanie" de la Fondation N. Michoutouckine - A. Pilioko
_f[Introd., notes a. glossary of spec. terminology by L. A. Ivanova a. N. Michoutouchkine]
_gMin. of culture of the USSR, Acad. of sciences of the USSR
_zfre
205 _a2d ed., rev. a. suppl.
210 _aM.
_cSojuzreclamcultura
_d1989
215 _a104, [5] с., [40] л. ил.
_cил., цв. ил., факс.
_d30 см
300 _aВ вып. дан.: Этнография и искусство Океании: Каталог выставки
300 _aНадзаг. также на фр. яз.
300 _aТекст парал. на англ. и фр. яз.
320 _aБиблиогр.: с. 20-21
510 1 _aCatalogue de l'Exposition "Ethnographie et art de l'Océanie" de la Fondation N. Michoutouckine - A. Pilioko
_zfre
606 _aИскусство
_yОкеания
_z1989
_xВыставки
_2nlr_sh1
607 _aОкеания
_xЭтнография
_xВыставки
_2nlr_sh1
686 _aТ52(83/87)-7Л6
_2rubbk
686 _aЩ103(83/87)л62
_2rubbk
702 1 _4220
_7ba
_8rus
_aIvanova
_bL. A.
_cканд. ист. наук, этнограф
_f1941-2017
_gLjudmila Alekseevna
_9236054
_3RU\NLR\AUTH\770236110
710 1 2 _a"Ethnography and art of Oceania", exhibition
_f1979/1982
_4070
712 1 2 _a"Ethnographie et art de l'Océanie", exposition
_f1979/1982
_4570
801 1 _aRU
_bNLR
_c20101027
801 0 _aRU
_bNLR
_gPSBO
852 _aNLR
_bЭ
_jКМ821/1989
942 _cBOOK
980 _aNB